00581nam a22001337a 4500008004100000020001500041050002600056245024800082260003500330300002500365440001600390700002000406700002100426140904b xxu||||| |||| 00| 0 eng d a0406850089 aKD288.A64(1937 vol 4) aThe All England Law Reports annotated of cases decided in the house of lords:The privy council , all divisions of the supreme court and courts of special jurisdiction. 1937 volume 4. / cedited by W. J. Williams and assisted by Roland Burrows. aLondon:bReed Elsevier,c1937. axxiii, 718p.:c24cm. vVol 4(1937) aWilliams, W. J. aBurrows, Roland.